000 00359nam a2200145Ia 4500
008 150201s2009 xx 000 0 und d
082 _a610
_bM09A
100 _aALAGAPPAN, A.
245 _aMANUAL OF PRACTICAL MEDICINE
250 _a3RD
260 _bJAYPEE BROTHERS
_aDELHI
_c2009
300 _a1-773
650 _aMEDICINE AND DIAGNOSIS
942 _2ddc
_cBK
_040
999 _c200
_d200